Legislación de los impuestos de derechos Reales y timbre (Record no. 20137)

MARC details
000 -LEADER
campo de control de longitud fija 00734nam a2200181 i 4500
001 - NÚMERO DE CONTROL
campo de control 20137
003 - IDENTIFICADOR DE NÚMERO DE CONTROL
campo de control ES-MaACL
005 - FECHA Y HORA DE LA ÚLTIMA TRANSACCIÓN
campo de control 20230906152236.0
007 - CAMPO FIJO DE DESCRIPCIÓN FÍSICA--INFORMACIÓN GENERAL
campo de control de longitud fija t|
008 - DATOS DE LONGITUD FIJA--INFORMACIÓN GENERAL
campo de control de longitud fija 021107s1923 sp ||||1| spa d
100 1# - ENTRADA PRINCIPAL--NOMBRE DE PERSONA
Nombre de persona Aguado, Crescenciano.
9 (RLIN) 18603
245 10 - MENCIÓN DEL TÍTULO
Título Legislación de los impuestos de derechos Reales y timbre
Resto del título : constestaciones al programa de oposiciones a notarías, arregladas a las reformas tributarias de los años 1920 y 1922 /
Mención de responsabilidad, etc. por Crescenciano Aguado y Genaro Gil Socii.
260 ## - PUBLICACIÓN, DISTRIBUCIÓN, ETC.
Lugar de publicación, distribución, etc. Madrid :
Nombre del editor, distribuidor, etc. [s.n.],
Fecha de publicación, distribución, etc. 1923 (
Fabricante Suc. de R. Velasco)
300 ## - DESCRIPCIÓN FÍSICA
Extensión 88 p. ;
Dimensiones 21 cm.
650 #4 - PUNTO DE ACCESO ADICIONAL DE MATERIA--TÉRMINO DE MATERIA
Término de materia o nombre geográfico como elemento de entrada Notarios-
Subdivisión geográfica España-
Subdivisión de forma Contestaciones para oposiciones.
9 (RLIN) 159577
700 1# - ENTRADA AGREGADA--NOMBRE PERSONAL
Nombre de persona Gil Socii, Genaro.
9 (RLIN) 56879
852 ## - LOCALIZACIÓN
Ubicación ES-MaACL
Número de control de estantería 1656-F-5
Holdings
Estatus retirado Estado de pérdida Estado de daño No para préstamo Colección Biblioteca de origen Biblioteca actual Ubicación en estantería Fecha de adquisición Fuente de adquisición Total de préstamos Signatura topográfica completa Código de barras Visto por última vez Precio de reemplazo Tipo de ítem Koha
        Colección de folletos Biblioteca del Ateneo de Madrid Biblioteca del Ateneo de Madrid Depósito folletos 17/01/2008     1656-F-5 1020639 23/02/2023 23/02/2023 Folleto